Pokémon - Les attaques de Rattatac d'Alola - Statistiques

Statistiques générales
  • Ce quiz a été pris 12 fois
  • Le résultat moyen est 11 sur 15
Statistiques - réponses
Niveaux Types Noms des attaques % Correct
Départ Normal Charge
100%
Niveau 24 Ténèbres Mâchouille
100%
Niveau 10 Ténèbres Morsure
100%
Départ Niveau 4 Normal Vive-Attaque
100%
Niveau 19 Ténèbres Assurance
86%
Niveau 39 Normal Damoclès
86%
Niveau 29 Ténèbres Coup Bas
71%
Niveau 16 Normal Croc de Mort
71%
Niveau 34 Normal Croc Fatal
71%
Départ Évolution Normal Grimace
71%
Niveau 13 Ténèbres Poursuite
71%
Niveau 44 Normal Effort
57%
Départ Normal Mimi-Queue
57%
Départ Normal Danse-Lames
43%
Départ Niveau 7 Normal Puissance
29%
Aucun quiz correspondant
Distribution des résultats
% des personnes avec chaque résultat
Percentile par nombre de réponses
Votre historique - résultats
Vous n’avez pas pris ce quiz